| 000 | 00676nam a2200241Ia 4500 | ||
|---|---|---|---|
| 005 | 20250425161952.0 | ||
| 008 | 250425s9999 xx 000 0 und d | ||
| 020 | _a9977573506 | ||
| 041 | _aspa | ||
| 082 | _a634.9285 | ||
| 100 | _aCAMACHO CALVO, MARLEN | ||
| 245 | 0 | _aPARCELAS PERMANENTES DE MUESTREO EN BOSQUE NATURAL TROPICAL: GUIA PARA EL ESTABLECIMIENTO Y MEDICION | |
| 250 | _a1A ED. | ||
| 260 |
_aCosta Rica _bCATIE _c2000 |
||
| 260 | _aTURRIALBA | ||
| 300 | _a52 | ||
| 500 | _aSERIE TECNICA. MANUAL TECNICO/CATIE No. 42 | ||
| 650 | _aBOSQUE NATURAL TROPICAL | ||
| 650 | _aMUESTREO | ||
| 650 | _aPARCELAS PERMANENTES | ||
| 942 | _c01 | ||
| 010 | _a38005 | ||
| 999 |
_c219842 _d219842 |
||